Clic Quelle est cette série policière ? (1) - Statistiques

Statistiques générales
  • Ce quiz a été pris 72 fois
  • Le résultat moyen est 13 sur 32
Statistiques - réponses
Hint Réponse % Correct
Rousse - Lille - Sigle - 2021 HPI
83%
Inspectrice - Religieuse - Bonaventure - 2002 Sœur Thérèse.com
81%
Assassinat - Veuf - Médecin légiste - 2018 Balthazar
69%
Impulsive - Documentaliste - Autiste - 2019 Astrid et Raphaëlle
67%
Martinique - Miss France - Crivelli - 2019 Tropiques criminels
67%
Montagnes - Police rurale - Lusagne - 2014 Alex Hugo
62%
Gendarme - Excentrique - Chti - 2015 Capitaine Marleau
57%
Lieux changeants - Villes - Régions - 2013 Meurtres à ...
57%
Classiques revisités - 3 époques - Nord - 2009 Les Petits Meurtres d'Agatha Christie
55%
Ex-conjoints - Equipe - Montpellier - 2016 Tandem
55%
Police - Débutants - Mercier - 2006 Les Bleus : Premiers pas dans la police
52%
Criminologie - Psychologie - Paris - 2009 Profilage
52%
Leblanc - Cambrioleur - Descrières - 1971 Arsène Lupin
50%
Gendarmerie - Bordeaux - Nice - 2018 Section de recherches
50%
Simenon - Commissaire - Cremer - 1991 Maigret
43%
Bordeaux - Juge en retraire - Lieutenante - 2013 Mongeville
43%
Paris - Contractuelle - Lavedant - 1984 Marie Pervenche
40%
Vie quotidienne - Nocturne - Creton - 2001 Central Nuit
36%
CPI - La Haye - Multinationale - 2013 Crossing Lines
33%
Juge - Recours en grâce - Paris - 1980 Julien Fontanes, magistrat
31%
Trains et Frontières - Gare - Orpheline - 1997 Quai n° 1
29%
Saignac - Higel - Gavrillac - 2009 Commissaire Magellan
26%
Quai des Orfèvres - Savoie - Fils - 2015 Cassandre
24%
Parquet - Enquête de flagrance - Balaguère - 2000 Femmes de loi
24%
Coma - Adaptation - Réintégration - 2013 Falco
21%
OCCS - Niemans - International - 2018 Les Rivières pourpres
21%
Bagnard - Fouché - Noël - 1967 Vidocq
19%
Avocate - Demi-soeur - Enquêtes - 2016 Munch
17%
Généalogie - Police - Angoulême - 2014 Origines
17%
Leblanc - 1930/1940 - Dunoyer - 1989 Le Retour d'Arsène Lupin
14%
Marseille - Gendarmerie - Anger - 2009 Enquêtes réservées
10%
Normandie - Avocat - Policière - 2022 Vise le cœur
0%
Aucun quiz correspondant
Distribution des résultats
% des personnes avec chaque résultat
Percentile par nombre de réponses
Votre historique - résultats
Vous n’avez pas pris ce quiz